| 000 | 00684nam a2200217Ii 4500 | ||
|---|---|---|---|
| 003 | JO-AjNU | ||
| 008 | 230605s9999||||xx |||||||||||||| ||und|| | ||
| 017 | _a78/3213 | ||
| 020 | _a977/7222/97/1 | ||
| 040 |
_aJO-AjNU _bara _erda _cJO-AjNU |
||
| 041 | _aara | ||
| 050 | 1 | 4 | _aQH545.A1.E5 |
| 100 | 3 |
_aاميل ، توماس, _eauthor _918260 |
|
| 245 | 0 | 0 | _a البيئة وأثرها على الحياة السكانية |
| 264 | 3 | 1 | _aالفجاله:مكتبة الوعي ، 1900 |
| 300 | _a226ص | ||
| 336 |
_atext _btxt _2rdacontent |
||
| 337 |
_aunmediated _bn _2rdamedia |
||
| 338 |
_avolume _bnc _2rdacarrier |
||
| 650 | 4 |
_aالبيئة والانسان-السكان _918261 |
|
| 999 |
_aA5805 _c9373 _d9373 |
||